=LDR 00000nam 2200000 4500 =001 000361 =005 20250710025600 =035 ##$$a 0010-0725000219 =007 ta =008 250710################a##########0#ind## =020 ##$$a 97978-623-472-254-3 =082 ##$$a 398.209 598 =084 ##$$a 398.209 598 WIL k =100 #$$a Wilson, sam =245 1#$$a Kamu! Ya, Kamu! /$c Sam Wilson =250 ##$$a Cetakan Kedua =260 ##$$a Jakarta Timur :$b Badan Pengembangan dan Pembinaan Bahasa,$c 2024 =300 ##$$a 24 hlm. : $b ilus. ; $c 22,9 cm =650 #4$$a Cerita Anak Indonesia-Terjemahan =650 #4$$a Literasi-Bahan Bacaan =856 ##$$a TBM As Suhada =990 ##$$a TBM00790079